[Event "Klaipeda Sea rapid op 16th"]
[Site "Klaipeda"]
[Date "2019.07.27"]
[Round "5"]
[White "Kovyrshin, Sergei"]
[Black "Butvilas, Aistis"]
[Result "0-1"]
[WhiteElo "1762"]
[BlackElo "2052"]
[PlyCount "68"]
[EventDate "2019.07.27"]
[EventType "swiss (rapid)"]
[EventRounds "7"]
[EventCountry "LTU"]
[SourceTitle "CBM 191 Extra"]
[Source "ChessBase"]
[SourceDate "2019.09.30"]
[SourceVersion "1"]
[SourceVersionDate "2019.09.30"]
[SourceQuality "1"]

1. d4 Nf6 2. c4 e6 3. Nf3 b6 4. a3 Bb7 5. Nc3 g6 6. Qc2 Bg7 7. e4 0-0 8. Be2 d6 9. 0-0 Nbd7 10. Bg5 h6 11. Bh4 g5 12. Bg3 Qe7 13. Rad1 Nh5 14. Rfe1 Nxg3 15. hxg3 c5 16. b4 Rac8 17. dxc5 dxc5 18. Nb5 Ne5 19. Nd6 Rc7 20. Nxb7 Rxb7 21. Nxe5 Bxe5 22. Qd2 Bd4 23. Bf3 Rd7 24. bxc5 Qxc5 25. Qa2 Rfd8 26. Rc1 Be5 27. Re2 Bxg3 28. Qc2 Bf4 29. Rce1 Rd2 30. Rxd2 Rxd2 31. Qb1 Qxf2+ 32. Kh1 Qh4+ 33. Kg1 Qh2+ 34. Kf1 Qh1# 0-1

[Event "Klaipeda Sea rapid op 16th"]
[Site "Klaipeda"]
[Date "2019.07.27"]
[Round "3"]
[White "Kovyrshin, Sergei"]
[Black "Zozulia, Alexander"]
[Result "1-0"]
[WhiteElo "1762"]
[BlackElo "2051"]
[PlyCount "119"]
[EventDate "2019.07.27"]
[EventType "swiss (rapid)"]
[EventRounds "7"]
[EventCountry "LTU"]
[SourceTitle "CBM 191 Extra"]
[Source "ChessBase"]
[SourceDate "2019.09.30"]
[SourceVersion "1"]
[SourceVersionDate "2019.09.30"]
[SourceQuality "1"]

1. d4 d5 2. c4 c6 3. Nf3 e6 4. e3 f5 5. Nbd2 Nf6 6. Bd3 Bd6 7. b3 0-0 8. 0-0 Bd7 9. Bb2 Be8 10. Rc1 Bh5 11. Qc2 Bxf3 12. Nxf3 Ne4 13. Ne5 Nd7 14. f3 Nef6 15. e4 dxe4 16. fxe4 fxe4 17. Bxe4 Nxe5 18. dxe5 Bc5+ 19. Kh1 Nxe4 20. Qxe4 Qd2 21. Ba1 Rad8 22. Qg4 Qd7 23. Rcd1 Qe7 24. h4 Rxf1+ 25. Rxf1 Rd2 26. h5 Rf2 27. Rxf2 Bxf2 28. Bd4 Bxd4 29. Qxd4 Qg5 30. Qd7 Qh4+ 31. Kg1 Qe1+ 32. Kh2 Qxe5+ 33. Kg1 Qc5+ 34. Kf1 Qf5+ 35. Kg1 Qc5+ 36. Kf1 Qxh5 37. Qc8+ Kf7 38. Qxb7+ Kf6 39. Qxc6 Qd1+ 40. Kf2 Qd2+ 41. Kg3 Qxa2 42. Qf3+ Ke7 43. Qc3 g6 44. c5 Qa6 45. Qg7+ Kd8 46. Qf8+ Kd7 47. Qf7+ Kd8 48. Qf8+ Kd7 49. Qf7+ Kd8 50. Qf8+ Kc7 51. Qe7+ Kb8 52. Qe8+ Qc8 53. Qb5+ Qb7 54. Qe8+ Qc8 55. Qb5+ Ka8 56. c6 Qc7+ 57. Kh3 Qb6 58. Qc4 Qe3+ 59. g3 Kb8 60. b4 1-0

[Event "Klaipeda Sea rapid op 16th"]
[Site "Klaipeda"]
[Date "2019.07.27"]
[Round "4"]
[White "Stremavicius, Titas"]
[Black "Kovyrshin, Sergei"]
[Result "1-0"]
[WhiteElo "2490"]
[BlackElo "1762"]
[PlyCount "84"]
[EventDate "2019.07.27"]
[EventType "swiss (rapid)"]
[EventRounds "7"]
[EventCountry "LTU"]
[SourceTitle "CBM 191 Extra"]
[Source "ChessBase"]
[SourceDate "2019.09.30"]
[SourceVersion "1"]
[SourceVersionDate "2019.09.30"]
[SourceQuality "1"]

1. c4 Nf6 2. Nc3 g6 3. e4 d6 4. d4 Bg7 5. Bd3 0-0 6. Nge2 Nc6 7. 0-0 Nd7 8. Bc2 e5 9. d5 Ne7 10. Rb1 f5 11. exf5 Nxf5 12. Ne4 Nf6 13. Bg5 h6 14. Bxf6 Bxf6 15. c5 Bg7 16. b4 Nd4 17. Nxd4 exd4 18. cxd6 cxd6 19. Ng3 Qg5 20. Ne4 Qf4 21. g3 Qe5 22. f4 Qe7 23. Re1 Bf5 24. Bd3 Qd7 25. Rb2 Rfe8 26. Rc2 Re7 27. Nf2 Rae8 28. Rxe7 Rxe7 29. Qc1 Bxd3 30. Nxd3 Re3 31. Rc8+ Kh7 32. Rc7 Qf5 33. Nf2 Qxd5 34. f5 Qxf5 35. Rxb7 Qe6 36. Qc6 d3 37. Qc7 Qf6 38. Qc1 Qe5 39. Qd2 Re1+ 40. Kg2 Qd5+ 41. Kh3 Re2 42. Qxd3 Qxd3 1-0